[Event "Mittelrhein-chT 1112"]
[Site "Germany"]
[Date "2011.11.27"]
[Round "5.7"]
[White "Guefen, Daniel"]
[Black "Herzet, Serge"]
[Result "1-0"]
[WhiteElo "1923"]
[BlackElo "1924"]
[PlyCount "89"]
[EventDate "2011.09.11"]
[EventType "team-tourn"]
[EventRounds "13"]
[EventCountry "GER"]
[SourceTitle "EXT 2013"]
[Source "ChessBase"]
[SourceDate "2012.11.22"]
[SourceVersion "1"]
[SourceVersionDate "2012.11.22"]
[SourceQuality "1"]
[WhiteTeam "Gruenfeld"]
[BlackTeam "Aachen Hoern"]
[WhiteTeamCountry "GER"]
[BlackTeamCountry "GER"]

1. e4 c5 2. Nf3 d6 3. d4 cxd4 4. Nxd4 e6 5. Nc3 Nf6 6. Be2 Be7 7. 0-0 0-0 8. Be3 Nc6 9. f4 Bd7 10. Kh1 a6 11. a4 Rc8 12. Nb3 Qc7 13. a5 Nb4 14. Bf3 Bc6 15. Bb6 Qb8 16. Nd4 Nd7 17. Nxc6 Nxc6 18. Na4 Nc5 19. Nxc5 dxc5 20. e5 Nd4 21. Be4 f5 22. exf6 Rxf6 23. c3 Nc6 24. g3 Kh8 25. Qd7 Bf8 26. Rad1 h6 27. Rfe1 Re8 28. Bg2 e5 29. Bc7 Qa8 30. Bxc6 Re7 31. Qd8 Qxd8 32. Bxd8 Rxc6 33. Bxe7 Bxe7 34. Rxe5 Bf6 35. Re8+ Kh7 36. f5 c4 37. Rd5 h5 38. h4 Rc7 39. Kg2 Rc6 40. Kf3 Rc7 41. Kf4 Be7 42. Ke5 Bc5 43. Rdd8 g5 44. hxg5 Bf2 45. Kf6 1-0

[Event "Mittelrhein-chT 1112"]
[Site "Germany"]
[Date "2011.09.11"]
[Round "1.7"]
[White "Guefen, Daniel"]
[Black "Papaioannou, Dimitrios"]
[Result "1/2-1/2"]
[WhiteElo "1923"]
[BlackElo "2073"]
[PlyCount "59"]
[EventDate "2011.09.11"]
[EventType "team-tourn"]
[EventRounds "13"]
[EventCountry "GER"]
[SourceTitle "EXT 2013"]
[Source "ChessBase"]
[SourceDate "2012.11.22"]
[SourceVersion "1"]
[SourceVersionDate "2012.11.22"]
[SourceQuality "1"]
[WhiteTeam "Gruenfeld"]
[BlackTeam "Koeln Muelheim"]
[WhiteTeamCountry "GER"]
[BlackTeamCountry "GER"]

1. e4 c6 2. d4 d5 3. Nc3 dxe4 4. Nxe4 Nd7 5. Nf3 Ngf6 6. Ng3 e6 7. Bd3 c5 8. c3 cxd4 9. cxd4 Be7 10. 0-0 0-0 11. Ne5 Re8 12. Re1 Nf8 13. Bg5 Ng6 14. Rc1 Nd5 15. Bxe7 Rxe7 16. Ne4 Bd7 17. Ng5 Be8 18. Be4 Nf6 19. Bb1 Rc8 20. Qd3 Rxc1 21. Rxc1 Rc7 22. Rxc7 Qxc7 23. Qc2 Qxc2 24. Bxc2 Nf4 25. Ngf3 Kf8 26. g3 N4d5 27. Kf1 Ke7 28. a3 h6 29. Ke2 Bb5+ 30. Bd3 1/2-1/2

[Event "GER-chT U20"]
[Site "Berlin"]
[Date "2005.12.28"]
[Round "4.5"]
[White "Guefen, Daniel"]
[Black "Salenko, Vadim"]
[Result "1-0"]
[WhiteElo "1740"]
[BlackElo "2005"]
[PlyCount "51"]
[EventDate "2005.12.27"]
[EventType "team-swiss"]
[EventRounds "7"]
[EventCountry "GER"]
[SourceTitle "EXT 2022"]
[Source "ChessBase"]
[SourceDate "2021.10.06"]
[SourceVersion "1"]
[SourceVersionDate "2021.10.06"]
[SourceQuality "1"]
[WhiteTeam "Porz SG U20"]
[BlackTeam "Hamburger SK U20"]
[WhiteTeamCountry "GER"]
[BlackTeamCountry "GER"]

1. e4 c5 2. Nf3 Nc6 3. Bb5 d6 4. 0-0 e5 5. h3 Be7 6. c3 Nf6 7. d4 Qb6 8. Bxc6+ Qxc6 9. Re1 exd4 10. cxd4 0-0 11. Nc3 b5 12. Bg5 b4 13. Nd5 Re8 14. Nxe7+ Rxe7 15. e5 dxe5 16. dxe5 Rd7 17. Qc2 Nd5 18. e6 Rc7 19. exf7+ Rxf7 20. Ne5 Bf5 21. Qc4 Qe6 22. Nxf7 Qxf7 23. Re5 Be6 24. Rae1 Rf8 25. Rxe6 Qxf2+ 26. Kh1 1-0

[Event "GER-chT U20"]
[Site "Berlin"]
[Date "2005.12.27"]
[Round "2.5"]
[White "Rosenstein, Wadim"]
[Black "Guefen, Daniel"]
[Result "1-0"]
[WhiteElo "1831"]
[BlackElo "1740"]
[PlyCount "90"]
[EventDate "2005.12.27"]
[EventType "team-swiss"]
[EventRounds "7"]
[EventCountry "GER"]
[SourceTitle "EXT 2022"]
[Source "ChessBase"]
[SourceDate "2021.10.06"]
[SourceVersion "1"]
[SourceVersionDate "2021.10.06"]
[SourceQuality "1"]
[WhiteTeam "Koeln Muelheim U20"]
[BlackTeam "Porz SG U20"]
[WhiteTeamCountry "GER"]
[BlackTeamCountry "GER"]

1. c4 Nf6 2. Nc3 e6 3. a3 d5 4. cxd5 exd5 5. d4 c6 6. g3 Bd6 7. Bg2 Bf5 8. Nf3 Nbd7 9. 0-0 0-0 10. Nh4 Bg6 11. Nxg6 hxg6 12. Bg5 Re8 13. Re1 Be7 14. b4 Ne4 15. Nxe4 dxe4 16. Bd2 Nf6 17. e3 Bf8 18. a4 Qd7 19. Rb1 g5 20. Qe2 g4 21. Rec1 Rac8 22. Bc3 Nh7 23. b5 c5 24. Rd1 c4 25. Rdc1 Ng5 26. Bb2 Nf3+ 27. Kf1 Nxh2+ 28. Ke1 Bb4+ 29. Bc3 Nf3+ 30. Bxf3 gxf3 31. Qf1 Bxc3+ 32. Rxc3 Qc7 33. Rb4 Qa5 34. Rbxc4 Qxc3+ 35. Rxc3 Rxc3 36. Kd2 Rd3+ 37. Kc2 Rc8+ 38. Kb2 Rd2+ 39. Kb3 Rcc2 40. Qh3 Rxf2 41. Qh4 Rh2 42. Qxe4 Rb2+ 43. Kc4 f2 44. Qe8+ Kh7 45. Qxf7 Rh1 1-0

[Event "Cologne Longerich op 3rd"]
[Site "Cologne"]
[Date "2004.07.31"]
[Round "5"]
[White "Goldenstein, Arnd"]
[Black "Guefen, Daniel"]
[Result "0-1"]
[WhiteElo "1949"]
[BlackElo "1630"]
[PlyCount "73"]
[EventDate "2004.06.26"]
[EventType "swiss"]
[EventRounds "7"]
[EventCountry "GER"]
[SourceTitle "EXT 2006"]
[Source "ChessBase"]
[SourceDate "2005.11.24"]
[SourceVersion "1"]
[SourceVersionDate "2005.11.24"]
[SourceQuality "1"]

1. d4 Nf6 2. c4 e6 3. Nc3 d5 4. Nf3 c6 5. Bg5 Nbd7 6. e3 Qa5 7. Qc2 Bb4 8. Bh4 dxc4 9. Bxc4 Nb6 10. Bb3 Nfd5 11. Rc1 c5 12. dxc5 Qxc5 13. 0-0 Bxc3 14. bxc3 Bd7 15. Bg3 Rc8 16. e4 Nxc3 17. Be5 Nca4 18. Qd2 Qb5 19. Rxc8+ Nxc8 20. Qg5 Rg8 21. Bxa4 Qxa4 22. Qh4 h6 23. Bc7 Ne7 24. Qf4 Ng6 25. Qe3 f6 26. h4 Kf7 27. Rb1 Bc6 28. h5 Ne7 29. g3 Qxe4 30. Qc1 Nd5 31. Bd6 Rd8 32. Bc5 Nf4 33. Qe3 Qxe3 34. Bxe3 Nxh5 35. Bxa7 Rd3 36. a4 Rc3 37. Rb4 0-1

[Event "Cologne Longerich op 3rd"]
[Site "Cologne"]
[Date "2004.07.03"]
[Round "2"]
[White "Guefen, Daniel"]
[Black "Zotkin, Alexander"]
[Result "1-0"]
[WhiteElo "1630"]
[BlackElo "1844"]
[PlyCount "81"]
[EventDate "2004.06.26"]
[EventType "swiss"]
[EventRounds "7"]
[EventCountry "GER"]
[SourceTitle "EXT 2006"]
[Source "ChessBase"]
[SourceDate "2005.11.24"]
[SourceVersion "1"]
[SourceVersionDate "2005.11.24"]
[SourceQuality "1"]

1. f4 b6 2. e4 e6 3. d4 d5 4. e5 c5 5. Nf3 Nc6 6. Be3 Nh6 7. c3 Nf5 8. Qd2 Bd7 9. Bd3 Nxe3 10. Qxe3 cxd4 11. Nxd4 Nxd4 12. cxd4 Bb4+ 13. Nc3 Rc8 14. Rc1 Qh4+ 15. g3 Qh3 16. Bf1 Qh6 17. Ba6 Rc7 18. 0-0 0-0 19. a3 Be7 20. Nxd5 Rxc1 21. Nxe7+ Kh8 22. Rxc1 f6 23. Rc7 Be8 24. Nc6 Qg6 25. Bd3 f5 26. Nxa7 h5 27. Nb5 h4 28. Nd6 Ba4 29. Qf3 Bb3 30. Be2 Bd5 31. Qh5+ Qxh5 32. Bxh5 g5 33. Rc8 Rxc8 34. Nxc8 gxf4 35. gxf4 b5 36. Nd6 Bc6 37. Be2 b4 38. axb4 Bd5 39. b5 Kg7 40. b6 Kf8 41. b7 1-0

[Event "Cologne Longerich op 3rd"]
[Site "Cologne"]
[Date "2004.06.26"]
[Round "1"]
[White "Raupach, Birgit"]
[Black "Guefen, Daniel"]
[Result "0-1"]
[WhiteElo "1080"]
[BlackElo "1630"]
[PlyCount "66"]
[EventDate "2004.06.26"]
[EventType "swiss"]
[EventRounds "7"]
[EventCountry "GER"]
[SourceTitle "EXT 2006"]
[Source "ChessBase"]
[SourceDate "2005.11.24"]
[SourceVersion "1"]
[SourceVersionDate "2005.11.24"]
[SourceQuality "1"]

1. d4 Nf6 2. Nf3 e6 3. e3 b6 4. Be2 Bb7 5. 0-0 Be7 6. c4 d6 7. Nc3 Nbd7 8. a3 c5 9. d5 exd5 10. cxd5 0-0 11. Bc4 Ng4 12. e4 Nge5 13. Be2 Nxf3+ 14. Bxf3 Bg5 15. Nb5 Bxc1 16. Rxc1 Qf6 17. Nc3 a6 18. Bg4 Ne5 19. Na4 b5 20. Nb6 Rab8 21. f4 Nxg4 22. Nd7 Qh4 23. h3 Ne3 24. Qe2 Nxf1 25. Rxf1 Rbe8 26. Nxf8 Kxf8 27. b4 c4 28. Qc2 Qg3 29. Rf3 Qe1+ 30. Kh2 Qxe4 31. Qxe4 Rxe4 32. g3 Bxd5 33. f5 Re2+ 0-1

[Event "Cologne Longerich op 2nd"]
[Site "Cologne"]
[Date "2003.??.??"]
[Round "5"]
[White "Guefen, Daniel"]
[Black "Van Eckeren, Andreas"]
[Result "1-0"]
[WhiteElo "1677"]
[BlackElo "1112"]
[PlyCount "51"]
[EventDate "2003.06.??"]
[EventType "swiss"]
[EventRounds "7"]
[EventCountry "GER"]
[SourceTitle "EXT 2004"]
[Source "ChessBase"]
[SourceDate "2003.11.25"]
[SourceVersion "1"]
[SourceVersionDate "2003.11.25"]
[SourceQuality "1"]

1. f4 d5 2. b3 Nf6 3. Bb2 e6 4. Nf3 Nbd7 5. e3 b6 6. Bb5 Be7 7. Ne5 0-0 8. Bxd7 Bxd7 9. 0-0 Bb5 10. d3 Bc5 11. Re1 d4 12. e4 Be7 13. a4 Be8 14. g4 g6 15. Nd2 c5 16. Kh1 Nd7 17. Nc6 Qc7 18. Nxe7+ Kg7 19. Qf3 e5 20. f5 Nf6 21. Nd5 Nxd5 22. exd5 Rd8 23. f6+ Kh8 24. Ne4 h6 25. Qh3 Kh7 26. Ng5+ 1-0

[Event "Cologne Longerich op 2nd"]
[Site "Cologne"]
[Date "2003.??.??"]
[Round "2"]
[White "Prott, Bernhard"]
[Black "Guefen, Daniel"]
[Result "1-0"]
[WhiteElo "1316"]
[BlackElo "1677"]
[PlyCount "43"]
[EventDate "2003.06.??"]
[EventType "swiss"]
[EventRounds "7"]
[EventCountry "GER"]
[SourceTitle "EXT 2004"]
[Source "ChessBase"]
[SourceDate "2003.11.25"]
[SourceVersion "1"]
[SourceVersionDate "2003.11.25"]
[SourceQuality "1"]

1. e4 e6 2. d3 d5 3. Nd2 Bd6 4. Ngf3 c5 5. g3 Nc6 6. Bg2 Nge7 7. 0-0 0-0 8. Re1 b6 9. h4 Bd7 10. Nf1 Rc8 11. N1h2 Qc7 12. Ng5 f5 13. Qh5 h6 14. Nh3 Be8 15. Qe2 Nd4 16. Qd1 dxe4 17. dxe4 Bb5 18. c3 Ndc6 19. exf5 exf5 20. Nf4 Bxf4 21. Bxf4 Qd8 22. Qb3+ 1-0